[Event "AUTO-MASTER-147"]
[Site "http://www.queenalice.com/game.php?id=69837"]
[Date "2006.5.18"]
[Round "1"]
[White "csadler"]
[Black "borisluis"]
[Result "1-0"]
[WhiteElo "1780"]
[BlackElo "1810"]

1. d4 d5 2. c4 dxc4 3. Nf3 e6 4. e3 Bb4+ 5. Nc3 Nf6 6. Bxc4 Ne4 7. Qc2 a6 8.
Qxe4 Bxc3+ 9. bxc3 c6 10. O-O b5 11. Bd3 Qd5 12. Qxd5 cxd5 13. e4 Bb7 14. e5 Nd7
15. Ba3 Nb6 16. Bc5 Na4 17. Rac1 Rc8 18. Bb4 Nb2 19. Rfd1 Nxd1 20. Rxd1 Rc6 21.
Ra1 h6 22. h3 Kd7 23. a4 bxa4 24. Rxa4 Ra8 25. Kf1 Rb6 26. Bc5 Rb2 27. g4 a5 28.
Kg2 Bc6 29. Ra3 a4 30. Kg3 Rb3 31. Bc2 Rb2 32. Bd3 Rab8 33. Bb4 Rb7 34. Ba6 Rb6
35. Bd3 Rb8 36. h4 Rb3 37. Ra2 a3 38. Rxa3 Rxa3 39. Bxa3 Bb5 40. Bxb5+ Rxb5 41.
Bb4 Rb8 42. g5 1-0

[Event "AUTO-MASTER-147"]
[Site "http://www.queenalice.com/game.php?id=69838"]
[Date "2006.5.18"]
[Round "1"]
[White "borisluis"]
[Black "csadler"]
[Result "1-0"]
[WhiteElo "1803"]
[BlackElo "1717"]

1. e4 c5 2. Nf3 d6 3. Nc3 Nf6 4. Bb5+ Bd7 5. d3 Qa5 6. Bxd7+ Nbxd7 7. Bd2 Qb6 8.
O-O g6 9. b3 Bg7 10. Rb1 O-O 11. Bg5 Rfe8 12. Bxf6 Bxf6 13. Nd5 Qd8 14. b4 cxb4
15. Rxb4 Qc8 16. Rc4 Qd8 17. Nc7 Rc8 18. Nxe8 Qxe8 19. Rxc8 Qxc8 20. c4 b6 21.
h3 a6 22. Nh2 b5 23. cxb5 axb5 24. Ng4 Bg7 25. Qd2 Nc5 26. Rc1 Qb7 27. Qa5 Nxd3
28. Qd8+ 1-0

[Event "Challenge"]
[Site "http://www.queenalice.com/game.php?id=70547"]
[Date "2006.5.21"]
[Round "-"]
[White "borisluis"]
[Black "yoel"]
[Result "1-0"]
[WhiteElo "1733"]
[BlackElo "1512"]

1. e4 e5 2. Nf3 Nf6 3. Nxe5 Nxe4 4. Qe2 d6 5. Qxe4 dxe5 6. Qxe5+ Be6 7. Bc4 Nc6
8. Qe4 Qd4 9. Qxd4 Nxd4 10. Bd3 g6 11. O-O O-O-O 12. c3 Nf5 13. Bxf5 Bxf5 14. d4
h5 15. Re1 a6 16. Bg5 Rd7 17. Re8+ 1-0

[Event "Challenge"]
[Site "http://www.queenalice.com/game.php?id=70563"]
[Date "2006.5.21"]
[Round "-"]
[White "notcrumb"]
[Black "borisluis"]
[Result "1-0"]
[WhiteElo "1241"]
[BlackElo "1472"]

1. c4 g6 2. d3 d5 3. cxd5 Qxd5 4. Nc3 Qd8 5. h3 Bg7 6. Bd2 Nc6 7. Nf3 Nf6 8. g4
Nd5 9. Qc1 Bxc3 10. bxc3 e6 11. e4 Nf6 12. c4 a6 13. e5 Nd7 14. Bg5 f6 15. exf6
O-O 16. f7+ Kxf7 17. Bxd8 Rxd8 18. Ng5+ Kg7 19. Qc3+ e5 20. Ne6+ Kf7 21. Nxd8+
Nxd8 22. Qa5 Nc6 23. Qxc7 Nd4 24. Rc1 1-0

[Event "AUTO-MASTER-149"]
[Site "http://www.queenalice.com/game.php?id=70972"]
[Date "2006.5.23"]
[Round "1"]
[White "rubenov"]
[Black "borisluis"]
[Result "1-0"]
[WhiteElo "1833"]
[BlackElo "1826"]

1. d4 d5 2. Bg5 Nc6 3. e3 f6 4. Bh4 Bf5 5. a3 h5 6. h3 g5 7. Bg3 h4 8. Bh2 e5 9.
dxe5 Nxe5 10. Be2 Bd6 11. c3 Ne7 12. Qa4+ Qd7 13. Qb3 b6 14. Bb5 c6 15. Be2 Nd3+
16. Bxd3 Bxd3 17. Bxd6 Qxd6 18. Qd1 Be4 19. Nf3 Nf5 20. Nbd2 O-O-O 21. Nxe4 dxe4
22. Nd2 Rd7 23. Nxe4 Qe5 24. Qf3 Rhd8 25. O-O Re8 26. Nxg5 Kc7 27. Qg4 fxg5 28.
Qxg5 Rg7 29. Qh5 Reg8 30. Qf3 Rxg2+ 31. Qxg2 Rxg2+ 32. Kxg2 Nh6 33. Rg1 Nf7 34.
Kf1 Ng5 35. Rd1 Ne4 36. Rg4 Qb5+ 37. Kg2 Qe5 38. Rxh4 Kb7 39. Rd7+ Kc8 40. Rxa7
Ng5 41. Rh8+ Qxh8 42. Ra8+ Kd7 43. Rxh8 Kd6 44. Rh6+ Ne6 45. Rxe6+ Kxe6 46. a4
Kf5 47. f3 1-0

[Event "AUTO-MASTER-149"]
[Site "http://www.queenalice.com/game.php?id=70973"]
[Date "2006.5.23"]
[Round "1"]
[White "borisluis"]
[Black "rubenov"]
[Result "0-1"]
[WhiteElo "1833"]
[BlackElo "1831"]

1. e4 c5 2. Nf3 e6 3. d4 cxd4 4. Nxd4 a6 5. Bd3 e5 6. Nf3 Nc6 7. Be3 h6 8. O-O
d6 9. Nc3 Bg4 10. h3 Bh5 11. Be2 Nf6 12. Nh2 Bg6 13. f3 Be7 14. Nd5 O-O 15.
Nxe7+ Qxe7 16. c3 Qc7 17. a4 Nh5 18. b4 Ng3 19. Re1 f5 20. exf5 Nxf5 21. Bf2
Nfe7 22. a5 Qd7 23. Ng4 Qe6 24. Bd3 Bh5 25. Qe2 Bxg4 26. fxg4 Nd5 27. Qe4 Nf4
28. Qh7+ Kf7 29. Bf5 Qf6 30. Bc2 Ke7 31. g3 Nxh3+ 32. Kh2 Nxf2 33. Rf1 Nxg4+ 34.
Kh3 Qg5 35. Bg6 Nf2+ 36. Kg2 Qf6 37. Ra2 Qf3+ 38. Kg1 Qxg3# 0-1

[Event "AUTO-MASTER-149"]
[Site "http://www.queenalice.com/game.php?id=70988"]
[Date "2006.5.23"]
[Round "1"]
[White "cliftonm"]
[Black "borisluis"]
[Result "0-1"]
[WhiteElo "1837"]
[BlackElo "1816"]

1. d4 d5 2. Nc3 Nc6 3. Bf4 e6 4. Nb5 Bd6 5. Nxd6+ cxd6 6. Nf3 f6 7. e3 e5 8. Bg3
e4 9. Nd2 h5 10. Bb5 h4 11. Bf4 g5 12. Bxg5 fxg5 13. f3 Nf6 14. a3 Bd7 15. c3
Qb6 16. Bxc6 Bxc6 17. b4 Bb5 18. Kf2 exf3 19. gxf3 Rf8 20. Rg1 Ne4+ 21. Nxe4
dxe4 22. f4 O-O-O 23. Qg4+ Bd7 24. Qxg5 h3 25. Rg3 Rg8 26. Qd5 Rxg3 27. Kxg3 Qa6
28. b5 Qa4 29. f5 Qc2 30. Qc4+ Kb8 31. Qf1 Rg8+ 32. Kf4 d5 33. Rc1 Qxh2# 0-1

[Event "AUTO-MASTER-149"]
[Site "http://www.queenalice.com/game.php?id=70989"]
[Date "2006.5.23"]
[Round "1"]
[White "borisluis"]
[Black "cliftonm"]
[Result "0-1"]
[WhiteElo "1819"]
[BlackElo "1815"]

1. e4 e5 2. Nf3 Nc6 3. Bc4 h6 4. Nc3 Bc5 5. d3 d6 6. h3 Nf6 7. O-O a6 8. Nh2 Nd4
9. Ne2 c6 10. Nxd4 Bxd4 11. c3 Ba7 12. Be3 Bxe3 13. fxe3 O-O 14. Rf2 Kh8 15. Qe2
Qe7 16. Raf1 Be6 17. Bxe6 Qxe6 18. Rxf6 gxf6 19. Qh5 f5 20. exf5 Qf6 21. Ng4 Qg5
22. Qxh6+ Qxh6 23. Nxh6 Kg7 24. Ng4 f6 25. Rf3 Rh8 26. Rg3 Kf7 27. Nf2 Rag8 28.
Rf3 Ra8 29. g4 a5 30. Kg2 a4 31. Ne4 Ke7 32. Kg3 d5 33. Nc5 b5 34. a3 Rh6 35.
Ne6 Rah8 36. Kh2 Rh4 37. e4 dxe4 38. dxe4 Rxg4 39. Rg3 Rxe4 40. Rg7+ Kd6 41. Rg6
Re2+ 42. Kg1 Rxh3 43. Rxf6 Rg3+ 44. Kf1 Rxb2 45. Nd4+ Kd5 46. Rxc6 exd4 47. cxd4
Rh3 48. Kg1 Kxc6 49. f6 Rd3 0-1

[Event "AUTO-MASTER-149"]
[Site "http://www.queenalice.com/game.php?id=71000"]
[Date "2006.5.23"]
[Round "1"]
[White "borisluis"]
[Black "waltc"]
[Result "0-1"]
[WhiteElo "1476"]
[BlackElo "2030"]

1. e4 e5 2. Nf3 Nc6 3. Bc4 Nf6 4. d3 Bc5 5. Be3 Bxe3 6. fxe3 d6 7. Ng5 O-O 8.
O-O h6 9. Nxf7 Rxf7 10. Bxf7+ Kxf7 11. Qh5+ Kg8 12. Qg6 Ne7 13. Qg3 Kh7 14. Nc3
Be6 15. Rf2 Qd7 16. Raf1 Rg8 17. d4 Ng6 18. d5 Bf7 19. Qf3 Rf8 20. Qe2 a6 21. b3
Nh8 0-1

[Event "AUTO-MASTER-149"]
[Site "http://www.queenalice.com/game.php?id=71001"]
[Date "2006.5.23"]
[Round "1"]
[White "waltc"]
[Black "borisluis"]
[Result "1-0"]
[WhiteElo "2032"]
[BlackElo "1474"]

1. e4 e5 2. Nf3 Nf6 3. d3 d6 4. g3 h6 5. Bg2 Be6 6. O-O Nc6 7. c3 a6 8. Nbd2 Be7
9. Qc2 O-O 10. Re1 b5 11. d4 exd4 12. cxd4 Bg4 13. Qxc6 Qd7 14. Qxd7 Nxd7 15. e5
Be6 16. a3 Rab8 17. b4 dxe5 18. Nxe5 Nxe5 19. dxe5 c5 20. bxc5 1-0

[Event "AUTO-MASTER-154"]
[Site "http://www.queenalice.com/game.php?id=73346"]
[Date "2006.5.31"]
[Round "1"]
[White "borisluis"]
[Black "stoyan1"]
[Result "0-1"]
[WhiteElo "1710"]
[BlackElo "1675"]

1. e4 e5 2. Nf3 Bc5 3. Nc3 Nc6 4. Bc4 h6 5. d3 Nf6 6. Nd5 d6 7. Be3 Nd4 8. Bxd4
exd4 9. Nxf6+ Qxf6 10. h3 Be6 11. Nd2 c6 12. Bxe6 fxe6 13. Qf3 Qe7 0-1

[Event "AUTO-MASTER-154"]
[Site "http://www.queenalice.com/game.php?id=73347"]
[Date "2006.5.31"]
[Round "1"]
[White "stoyan1"]
[Black "borisluis"]
[Result "1-0"]
[WhiteElo "1656"]
[BlackElo "1729"]

1. e4 e5 2. Nf3 Nf6 3. Nxe5 Qe7 4. d4 d6 5. Nf3 Nxe4 6. Be2 Bg4 7. Nbd2 Nxd2 8.
Nxd2 Nc6 9. f3 Bf5 10. c3 O-O-O 11. O-O Re8 12. Rf2 g6 13. Bb5 a6 14. Bxc6 1-0